Where in the US Is the President? Quiz Stats

 Plays Quiz Updated Sep 18, 2017

Score 0/22 Timer 06:00
0 Plays Today
% Correct
Ronald Reagan at Wrigley Field in Chicago, Illinois, in 1988
94.3%
Theodore Roosevelt with John Muir in California in 1903
89.9%
John F. Kennedy on vacation in Hyannis, Massachusetts, in 1963
89%
Lyndon Johnson taking the oath of office in Dallas, Texas, in 1963
77.8%
Jimmy Carter in Bardstown, Kentucky, in 1979
77.2%
Harry Truman at Wake Forest in Winston-Salem, North Carolina, in 1951
72.6%
Bill Clinton in Minneapolis, Minnesota, in 1996
71%
Gerald Ford visiting Gulfport, Mississippi, in 1976
68.3%
Calvin Coolidge meeting with Sioux leaders in South Dakota in 1927
66.2%
Franklin D. Roosevelt visiting Hawaii in 1934
65.3%
George W. Bush in Sarasota, Florida, on the morning of the Sept. 11 attacks
65%
% Correct
Abraham Lincoln visiting soldiers in Antietam, Maryland, in 1862
63.5%
Dwight Eisenhower at Augusta National in Georgia in 1953
60.3%
George H.W. Bush on vacation in Kennebunkport, Maine, in 1989
57.8%
Donald Trump speaking at Liberty University in Lynchburg, Virginia, in 2017
54.5%
Warren G. Harding on a trip to Alaska in 1923
49.3%
Barack Obama in Columbus, Ohio, in 2010
46.1%
Richard Nixon and George Wallace in Huntsville, Alabama, in 1974
45.4%
William Howard Taft at Yale commencement in Connecticut in 1911
29.4%
William McKinley the day before his assassination in Buffalo, New York, in 1901
25.9%
Chester Arthur at Yellowstone National Park in Wyoming in 1883
19.4%
Herbert Hoover, Henry Ford, & Thomas Edison in Dearborn, Michigan, in 1929
14%

You're not logged in!

Compare scores with friends on all Sporcle quizzes.
Join for Free
OR
Log In

You Might Also Like...

Show Comments

Extras

Top Quizzes Today


Score Distribution

Your Account Isn't Verified!

In order to create a playlist on Sporcle, you need to verify the email address you used during registration. Go to your Sporcle Settings to finish the process.

Report this User

Report this user for behavior that violates our Community Guidelines.

Details: